Normal view
MARC view
- Freight and freightage
Entry Topical Term
001 - CONTROL NUMBER
- control field: 38468
003 - CONTROL NUMBER IDENTIFIER
- control field: NUST
005 - DATE AND TIME OF LATEST TRANSACTION
- control field: 20210314130725.0
008 - FIXED-LENGTH DATA ELEMENTS
- fixed length control field: 210314|| aca||aabn | a|a d
040 ## - CATALOGING SOURCE
- Original cataloging agency: NUST
- Transcribing agency: NUST
150 ## - HEADING--TOPICAL TERM
- Topical term or geographic name entry element: Freight and freightage
670 ## - SOURCE DATA FOUND
- Source citation: Work cat.: (NUST): Freight transportation characteristics., 1976.
